5HLuxD.jpg

KING HENRY VIII SENIOR AND PRIMARY SCHOOL LIBRARY OPAC

FAMOUS FIVE ADVENTURE/FIVE TO THE RESCUE (Record no. 5347)

000 -LEADER
fixed length control field 00428nam a22001217a 4500
008 - FIXED-LENGTH DATA ELEMENTS--GENERAL INFORMATION
fixed length control field 250908b ||||| |||| 00| 0 eng d
020 ## - INTERNATIONAL STANDARD BOOK NUMBER
International Standard Book Number 9781444950212
082 ## - DEWEY DECIMAL CLASSIFICATION NUMBER
Classification number 823.92 BLY
100 ## - MAIN ENTRY--PERSONAL NAME
Personal name BLYTON,ENID
Relator term AUTHOR
Language of a work ENGLISH
245 ## - TITLE STATEMENT
Title FAMOUS FIVE ADVENTURE/FIVE TO THE RESCUE
260 ## - PUBLICATION, DISTRIBUTION, ETC.
Place of publication, distribution, etc. CARMELITE HOUSE,50 VICTORIA EMBANKMENT,LONDON EC4Y 0DZ
Name of publisher, distributor, etc. HODDER CHILDREN'S BOOKS AN DIMPRINT OF HACHETTE CHILDREN'S GROUP
Date of publication, distribution, etc. 2020
942 ## - ADDED ENTRY ELEMENTS (KOHA)
Source of classification or shelving scheme
Holdings
Withdrawn status Lost status Source of classification or shelving scheme Damaged status Not for loan Collection code Permanent Location Current Location Shelving location Date acquired Total Checkouts Full call number Barcode Date last seen Date last checked out Price effective from Koha item type Public note
          Fiction KH8 Primary School Library KH8 Primary School Library Fiction 2025-09-08 4 823.92 BLY KHPL000006122 2026-04-06 2026-03-10 2025-09-08 Books - Fiction PRIMARY LIBRARY

Powered By KH8 IT Dept